000 00467nam a22001575i 4500
001 171438
003 ES-MaACL
005 20230906214632.0
008 090514s1908 ag |||| | spa d
080 _a821.134.2(82)-821"19"
100 1 _aSoiza Reilly, Juan José de.
_9140147
245 1 0 _aConfesiones literarias /
_cJuan José Soiza Reilly.
260 _aBuenos Aires :
_bM. Rodríguez Giles,
_c1908.
300 _a272 p. ;
_c25 cm.
852 _aES-MaACL
_jG-9526
999 _c171438
_d171438